Economic history of the South /

Bibliographic Details
Main Author: Hawk, Emory Quinter, 1892-
Format: Book
Language:English
Published: New York : Prentice-Hall, inc., 1934.
Series:Prentice-Hall history series.
Subjects:

MARC

Tag First Indicator Second Indicator Subfields
LEADER 00000cam a2200000 4500
001 in00000063397
005 20151008051745.0
008 711119s1934 nyu b 00000 eng u
010 |a  34004662  
035 |a (OCoLC)00173494 
035 |9 AAG9801AM 
040 |c WSU  |d TXA  |d UtOrBLW 
049 |a TXAM  |c [54770] 
050 0 |a HC107.A13  |b H3 
092 |a 330.975  |b H392e 
100 1 |a Hawk, Emory Quinter,  |d 1892- 
245 1 0 |a Economic history of the South /  |c by Emory Q. Hawk ... 
264 1 |a New York :  |b Prentice-Hall, inc.,  |c 1934. 
300 |a xvii, 557 pages 
336 |a text  |b txt  |2 rdacontent 
337 |a unmediated  |b n  |2 rdamedia 
338 |a volume  |b nc  |2 rdacarrier 
490 1 |a Prentice-Hall history series 
504 |a "Bibliographical note" at end of each chapter. 
651 0 |a Southern States  |x Economic conditions. 
830 0 |a Prentice-Hall history series. 
999 |a MARS 
999 f f |s 307575dc-d0f8-3b28-9b72-fd5168a58b9e  |i 7e199422-217b-30e2-a2aa-c3c1b191cbd9  |t 0 
952 f f |p ric  |a Texas A&M University  |b Rellis Campus  |c Joint Library Facility  |d Remote Storage  |t 0  |e HC107.A13 H3  |h Library of Congress classification  |i unmediated -- volume  |m A14800709368 
998 f f |a HC107.A13 H3  |t 0  |l Remote Storage